Saving energy and reducing co2 emissions with electricity / (Record no. 599667)

000 -LEADER
fixed length control field 00327nam a2200109Ia 4500
008 - FIXED-LENGTH DATA ELEMENTS--GENERAL INFORMATION
fixed length control field 230907s9999||||xx |||||||||||||| ||und||
082 ## - DEWEY DECIMAL CLASSIFICATION NUMBER
Classification number 621.312132
Author Mark GEL
100 ## - MAIN ENTRY--PERSONAL NAME
Personal name Gellings, Clark
9 (RLIN) 118047
245 ## - TITLE STATEMENT
Title Saving energy and reducing co2 emissions with electricity /
Statement of responsibility, etc. Clark Gellings.
260 ## - PUBLICATION, DISTRIBUTION, ETC.
Date of publication, distribution, etc. 2019-09-27
942 ## - ADDED ENTRY ELEMENTS (KOHA)
Source of classification or shelving scheme
Koha item type E-Books
Holdings
Withdrawn status Lost status Source of classification or shelving scheme Damaged status Not for loan Permanent Location Current Location Date acquired Total Checkouts Full call number Barcode Date last seen Price effective from Koha item type
          US-Pakistan Center for Advanced Studies in Energy (USPCAS-E) US-Pakistan Center for Advanced Studies in Energy (USPCAS-E) 09/19/2023   621.312132 GEL CAS-E0003766 09/19/2023 09/19/2023 E-Books
© 2023 Central Library, National University of Sciences and Technology. All Rights Reserved.